000 01073nam0a22002651 4500
001 rc\2616398
005 20260407022131.0
035 _a(NLR Aleph) 006780144
090 _a6035621
_c6035621
100 _a20110914d1931 |||y0rusy50 ca
101 0 _arus
102 _aRU
105 _ay z |||||
200 1 _aЭлектрификация СССР
_eПлан ГОЭЛРО
_e[Пояснит. текст к диапозитивам]
_fСоставил Дымов С. Т.
_gС пред. Т. Флаксермана
_gКультурпромобъединение ВСНХ РСФСР
210 _aМосква
_cФабрика учеб. пособий
_d1931
_gтип. газ. "Правда"
215 _a11 с.
_d17х12 см.
700 1 _aДымов
_bС.Т.
_gСергей Тимофеевич
702 1 _aФлаксерман
_bТ.
_4080
712 0 2 _aКультпромобъединение РСФСР
_3RU\NLR\AUTH\8810007240
_9512018
801 0 _aRU
_bNLR
_gpsbo
801 1 _aRU
_bELAR
_2rusmarc
852 _aNLR
_j31-8/6450
942 _cBOOK
980 _aNB